Akta Bank dan Institusi-institusi Kewangan, 1989 (Akta 372)

Bibliographic Details
Corporate Author: Malaysia (Author)
Format: Book
Published: Kuala Lumpur : International Law Book Services , 1989
Series:Undang-undang Malaysia Akta 372
Subjects:

MARC

LEADER 00000cam a2200000 7i4500
001 0000008995
005 20040613093000.0
008 021119s1989
020 |a 967890229X 
090 0 0 |a KM1715.A3188   |b A3 1989 (A) 
110 1 |a Malaysia   |e author 
245 1 0 |a Akta Bank dan Institusi-institusi Kewangan, 1989 (Akta 372)   |c disusun oleh Lembaga Penyelidikan Undang-undang 
260 2 |a Kuala Lumpur :   |b International Law Book Services ,   |c 1989 
300 |a viii, 179 p. ;   |c 25 cm. 
440 0 0 |a Undang-undang Malaysia   |v Akta 372 
500 |a Hingga 1hb. September 1989 
650 0 |a Banking law   |z Malaysia 
650 0 |a Financial institutions   |x Law and legislation   |z Malaysia 
999 |a 1000019610   |b Legislations   |c Reference   |e Gong Badak Campus